KOHA-Header-6

Electronic Communications Modulation and Transmission (Record no. 9266)

000 -LEADER
fixed length control field 00294nam a2200109Ia 4500
100 ## - MAIN ENTRY--AUTHOR NAME
Personal name Robert J. Schoenbeck
245 #0 - TITLE STATEMENT
Title Electronic Communications Modulation and Transmission
260 ## - PUBLICATION, DISTRIBUTION, ETC. (IMPRINT)
Place of publication New Delhi
Name of publisher Addison
Year of publication 2004
300 ## - PHYSICAL DESCRIPTION
Number of Pages 587
942 ## - ADDED ENTRY ELEMENTS (KOHA)
Koha item type Books
Holdings
Withdrawn status Lost status Collection code Permanent Location Current Location Shelving location Date acquired Full call number Accession Number Koha item type
    Electrical Engineering MAJU MAJU   2019-09-14 519.5 4809 Electrical Engineering

Powered by Koha